000 02218nam1a2200385 i 4500
001 RU\NLR\bibl\1184064
005 20260407170607.0
010 _a978-5-317-02052-1
035 _a(NLR Aleph) 001170649
090 _a1595184
_c1595184
100 _a20080205d2007 u y0rusy50 ca
101 0 _arus
102 _aRU
105 _a||||z |||||
200 1 _aУправление развитием муниципальной экономики: инкорпоративный подход
_eв 2 ч.
_f[Асанов В. Л., Дяченко Л. Г., Жихарев К. Л. и др.
_gпод общ. ред. д. э. н., проф. Мельникова С. Б.]
_gОтд-ние РАЕН "Муницип. наука - упр. устойчивым развитием регионов и мест. сообществ"
210 _aМосква
_cМАКС ПРЕСС
_d2007
215 _d20
225 1 _aЭнциклопедия управленческих знаний
_iМастер государственного и муниципального администрирования
300 _aАвт. указаны на обороте тит. л.
463 0 _10011153762
463 0 _10011153769
606 1 _aМуниципальное управление
_92082403
_3RU\NLR\auth\661258426
686 _aУ21(0)9
686 _aУ21(2)9
701 1 _aАсанов
_bВ. Л.
_gВалерий Леонидович
_4070
701 1 _aДяченко
_bЛ. Г.
_gЛеонид Григорьевич
_4070
701 1 _aЖихарев
_bК. Л.
_gКирилл Леонидович
_4070
702 1 _4340
_8rus
_7ca
_aМельников
_bС. Б.
_cд-р экон. наук, канд. пед. наук
_gСергей Борисович
_3RU\NLR\AUTH\7725661
_98708
712 0 2 _4570
_aРоссийская академия естественных наук
_bОтделение "Муниципальная наука - управление устойчивым развитием регионов и местных сообществ"
_3RU\NLR\AUTH\8810106582
_9713384
801 0 _aRU
_bNLR
_c20080205
_gRCR
801 1 _aRU
_bNLR
_c20080205
830 _aпо кн
852 _aNLR
_j2007-5/9197
942 _cBOOK